Fundamentals for public health practice / [edited by] Amanda Holland [and three others]. (Record no. 20334)

000 -LEADER
fixed length control field 00490cam a22001457i 4500
020 ## - INTERNATIONAL STANDARD BOOK NUMBER
ISBN 9781526496256 (paperback)
082 04 - DEWEY DECIMAL CLASSIFICATION NUMBER
Classification number 362.10941
Item number F9813 2023
245 00 - TITLE STATEMENT
Title Fundamentals for public health practice / [edited by] Amanda Holland [and three others].
260 ## - PUBLICATION, DISTRIBUTION, ETC. (IMPRINT)
Place of publication London :
Name of publisher SAGE,
Year of publication c2023.
300 ## - PHYSICAL DESCRIPTION
Number of Pages xvi, 376 pages :
Other physical details illustrations ; 25 cm
500 ## - GENERAL NOTE
General note Includes bibliographical references and index.
650 #0 - SUBJECT ADDED ENTRY--TOPICAL TERM
Topical Term Public health.
700 1# - ADDED ENTRY--PERSONAL NAME
Personal name Holland, Amanda, editor.
942 ## - ADDED ENTRY ELEMENTS (KOHA)
Koha item type Books
Holdings
Source of acquisition Permanent Location Date acquired Koha item type Collection code Accession Number Lost status Shelving location Withdrawn status Current Location Full call number
SchoolCagayan State University - Carig Library2025-04-07BooksNursingN000266 Nursing Library Cagayan State University - Carig Library362.10941 F9813 2023
SchoolCagayan State University - Carig Library2025-04-07BooksNursingN000267 Nursing Library Cagayan State University - Carig Library362.10941 F9813 2023
SchoolCagayan State University - Carig Library2025-04-07BooksNursingN000268 Nursing Library Cagayan State University - Carig Library362.10941 F9813 2023
SchoolCagayan State University - Carig Library2025-04-07BooksNursingN000269 Nursing Library Cagayan State University - Carig Library362.10941 F9813 2023
SchoolCagayan State University - Carig Library2025-04-07BooksNursingN000270 Nursing Library Cagayan State University - Carig Library362.10941 F9813 2023

Cagayan State University University Library, Carig Campus
Tuguegarao City, Cagayan 3500 | www.csucarig.edu.ph

Powered by Koha